000 01559nab a2200241 i 4500
001 768714001
003 CO-MdFUSB
005 20240528151308.0
008 240528t1976 sp ||||| |||| 00| 0 spa d
040 _bspa
_cCO-MdFUSB
_dCO-MdFUSB
041 _aspa
100 _aKlostermann, Ferdinand,
_d1907-1982
_eautor
245 _aCrisis en la Iglesia-crisis de la Iglesia
_c/ Ferdinand Klostermann ; traducido por M. Gesteira
520 _aEl hablar aquí de crisis no significa que en la Iglesia no haya más que crisis. Además, la crisis no ha de ser considerada como algo puramente negativo. Crisis significa en el Nuevo Testamento discernimiento, decisión, juicio. Las crisis son inevitables en una Iglesia que camina por la historia, expuesta siempre a nuevos problemas y a continuas tentaciones incluso a la de traición a su Señor y al Espíritu (1 Tes 5,19), y necesitada por ello de constante innovación y de reforma. Pero a veces las crisis se acumulan en tal medida que se puede hablar de una crisis de la Iglesia. Sin embargo, las crisis pueden ser provechosas y conducir a una fe más madura, más consciente y más crítica.
650 7 _aTeología dogmática
_96937
650 7 _aIglesia
_9655
650 7 _aFe
_9531
653 _aLa Iglesia en crisis
700 _a Gesteira, M.,
_etraductor
773 0 _049450
_982695
_oR2604
_tRevista internacional de teología Concilium
_w(CO-MdFUSB)8
_x0210-1041
_gVolumen 114, (abril, 1976) páginas: 72 - 83
_qpágina: 72
942 _cANA
945 _aCatherine Arias Álvarez - Practicante SENA
999 _c69969
_d69969